000 00742nam a2200289Ia 4500
005 20260324124252.0
008 008 260324s9999 xx 000 0 eng d
020 _a9780080952246
037 _aEBOOK
040 _aCRL
040 _beng
040 _cCRL
041 _2eng
041 _aeng
084 _qCRL
100 _aNick Iuppa; Chris Simpson; Terry Borst
_91173507
245 0 _aEnd-to-End Game Development
245 0 _bCreating Independent Serious Games and Simulations from Start to Finish
260 _bTaylor and Francis
260 _c2010
365 _a
365 _b285
856 _uhttp://www.taylorfrancis.com/books/9780080952246
942 _cEBOOK
999 _c1767739
_d1767739